|
|
|
|
| LEADER |
00000cam a2200000 a 4500 |
| 001 |
vtls001060071 |
| 003 |
SK-MaSNL |
| 005 |
20260301232614.0 |
| 008 |
240226s1989 xo odl frn 011 0 slo |
| 015 |
|
|
|a SNBA1989
|
| 020 |
|
|
|a 8021700769
|q (viazané)
|
| 035 |
|
|
|a SNK000002899
|
| 035 |
|
|
|a 0967C551-6767-4CBE-B651-EFBDF62F7A97
|
| 035 |
|
|
|a urn:nbn:sk:snk-am00ijm5
|
| 040 |
|
|
|a SNK
|b slo
|c SNK
|e AACR2
|
| 041 |
0 |
|
|a slo
|b rus
|b eng
|b ger
|
| 044 |
|
|
|a xo
|c SK
|
| 072 |
|
7 |
|a 316
|x Sociológia
|2 konspekt
|
| 072 |
|
7 |
|a 364
|x Sociálne problémy vyžadujúce podporu a pomoc. Sociálne zabezpečenie
|2 konspekt
|
| 072 |
|
7 |
|a 316.3
|x Globálne spoločnosti. Sociálna štruktúra. Sociálne skupiny
|2 konspekt
|
| 080 |
|
|
|a 316.3/.6
|2 2011
|
| 080 |
|
|
|a 178.1
|2 2011
|
| 080 |
|
|
|a 331
|2 2011
|
| 080 |
|
|
|a 331.4
|2 2011
|
| 080 |
|
|
|a 613.6
|2 2011
|
| 080 |
|
|
|a 616-08
|2 2011
|
| 080 |
|
|
|a 364.6
|2 2011
|
| 080 |
|
|
|a 316.6
|2 2011
|
| 080 |
|
|
|a 159.9
|2 2011
|
| 080 |
|
|
|a 316
|2 2011
|
| 080 |
|
|
|a (048.8)
|2 2011
|
| 100 |
1 |
|
|a Bútora, Martin,
|d 1944-
|4 aut
|9 91157
|
| 245 |
1 |
0 |
|a Mne sa to nemôže stať
|b sociologické kapitoly z alkoholizmu
|c Martin Bútora ; [fotografie vyhotovil Ján Budaj]
|
| 250 |
|
|
|a 1. vyd.
|
| 260 |
|
|
|a Martin
|b Osveta
|c 1989
|
| 300 |
|
|
|a 334 strán, [16] nečíslovaných strán obrazových príloh
|b fotografie (niektoré farebné), grafy, schémy, tabuľky
|c 24 cm
|
| 366 |
|
|
|e 8000 kusov
|
| 500 |
|
|
|a Poznámky pod čiarou
|
| 504 |
|
|
|a Bibliografia na strane 299-[309]. Register na strane 317-334
|
| 546 |
|
|
|a Ruské, anglické a nemecké resumé
|
| 650 |
0 |
7 |
|a alkoholizmus
|2 SNKPH
|9 14184
|
| 650 |
0 |
7 |
|a sociálne problémy
|2 SNKPH
|9 4223
|
| 650 |
0 |
7 |
|a sociálna psychológia
|2 SNKPH
|9 1007
|
| 650 |
0 |
7 |
|a sociologické aspekty
|2 SNKPH
|9 67369
|
| 650 |
0 |
7 |
|a psychologické aspekty
|2 SNKPH
|9 3875
|
| 650 |
0 |
7 |
|a alkohol
|2 SNKPH
|9 15497
|
| 650 |
0 |
7 |
|a pracovné prostredie
|2 SNKPH
|9 1299
|
| 650 |
0 |
7 |
|a terapia
|2 SNKPH
|9 781
|
| 650 |
0 |
7 |
|a človek a spoločnosť
|2 SNKPH
|9 4102
|
| 650 |
0 |
7 |
|a zdravotné riziká
|2 SNKPH
|9 67258
|
| 650 |
0 |
7 |
|a práca
|2 SNKPH
|9 2337
|
| 655 |
|
7 |
|a monografie
|2 SNKPH
|9 70139
|
| 655 |
|
7 |
|a štúdie
|2 SNKPH
|9 57033
|
| 700 |
1 |
|
|a Budaj, Ján,
|d 1952-
|4 pht
|9 109636
|
| 852 |
|
|
|a Slovenská národná knižnica
|
| 919 |
|
|
|a 80-217-0076-9
|
| 954 |
|
|
|a odborná, vedecká literatúra pôvodná (slovenská)
|2 lita
|
| 958 |
|
|
|a RK
|
| 958 |
|
|
|a TL
|
| 958 |
|
|
|a NB
|
| 958 |
|
|
|a OND
|
| 958 |
|
|
|a SP
|
| 958 |
|
|
|a EUIPO
|
| 999 |
|
|
|c 961972
|d 963902
|
| 952 |
|
|
|t P60, <04>, [BOOK], {604}
|a SNK
|b SNK
|y VYP
|7 0
|p 17A0021484
|o snkSC 76179 D1
|0 0
|1 0
|4 0
|d 1996-11-08
|l 0
|r 2004-12-31 00:00:00
|w 2026-02-24
|
| 952 |
|
|
|a SNK
|b SNK
|y PREZ
|7 0
|p 17A0150264
|o snkSC 76179
|i snkKSP 249/90
|0 0
|1 0
|4 0
|d 1998-07-16
|f 1
|l 0
|r 2004-12-31 00:00:00
|w 2026-02-24
|